00513nam a2200193 a 4500001001300000003000900013005001700022008004100039020002600080082001600106100002300122245003300145260003300178300000900211500003500220505001000255650003000265650002400295nice12345678IN_TiNIC20260116013125.0050524s1990 u sa grp 000 0 eng  a0800633 c781.5500a220.66bPOW aPowell, Mark Allan aWhat Is Narrative Criticism? aU S abFortress Press c1990 a122p aincludes index and biblioraphy2 aIndex aBible-Criticism-Narrative aNarrative Criticism